| 000 | 00534nam a2200145Ia 4500 | ||
|---|---|---|---|
| 008 | 231129s2011||||xx |||||||||||||| ||spa|| | ||
| 020 | _a978-958-99146-0-5 | ||
| 040 | _bspa | ||
| 082 | _a344.01 U76a | ||
| 100 | _aUribe Ramírez William Andrés | ||
| 245 | 0 | _aLa aplicación del plazo presuntivo en los contratos laborales de la lotería del Risaralda su desarrollo impacto y consecuencias jurídicas | |
| 260 | _c2011 | ||
| 264 | _aUniversidad Libre Seccional Pereira | ||
| 942 |
_2ddc _cBKS |
||
| 999 |
_c16421 _d16421 |
||